Normal view
MARC view
- FLUID DYNAMICS-MATHEMATIC NUMERICAL ANALYSIS FINITE ELEMENT METHOD
Entry Topical Term
001 - CONTROL NUMBER
- control field: 58182
003 - CONTROL NUMBER IDENTIFIER
- control field: NUST
005 - DATE AND TIME OF LATEST TRANSACTION
- control field: 20210628202058.0
008 - FIXED-LENGTH DATA ELEMENTS
- fixed length control field: 210628|| aca||aabn | a|a d
040 ## - CATALOGING SOURCE
- Original cataloging agency: NUST
- Transcribing agency: NUST
150 ## - HEADING--TOPICAL TERM
- Topical term or geographic name entry element: FLUID DYNAMICS-MATHEMATIC NUMERICAL ANALYSIS FINITE ELEMENT METHOD
670 ## - SOURCE DATA FOUND
- Source citation: Work cat.: (NUST): Lohner, Rainald 58181, Applied computational fluid dynamics technuques, an introduction based on finite element methods, 2001
